| 000 | 00616nam a2200193 i 4500 | ||
|---|---|---|---|
| 001 | 64953 | ||
| 003 | ES-MaACL | ||
| 005 | 20230906165251.0 | ||
| 007 | t| | ||
| 008 | 040107s1972 sp ||||1| spa d | ||
| 100 | 1 |
_aFowler, Noble O. _952012 |
|
| 245 | 1 | 0 |
_aDiagnóstico cardíaco / _cNoble O. Fowler ; prólogo de J. Willes Hurst ; versión, Ramón Laforga. |
| 260 |
_aBarcelona : _bSalvat, _c[1972] |
||
| 300 |
_aXVI, 750 p. : _bil. ; _c27 cm. |
||
| 650 | 4 |
_aCorazón- _xEnfermedades. _9144728 |
|
| 700 | 1 |
_aHurst, J. Willes. _964775 |
|
| 700 | 1 |
_aLaforga, Ramón. _969517 |
|
| 852 |
_aES-MaACL _jC-47738 _bR.84135 |
||
| 999 |
_c64953 _d64953 |
||